000 00366nam a2200145Ia 4500
008 211118s9999||||xx |||||||||||||| ||und||
082 _a791.436
_bGEO-T
100 _aGeorge, K G
245 0 _a24 Frames
260 _bJubilee Cine Unit
_aMadras
_c1996
300 _a54p.
630 _xCinemaReference Reading Room
650 _aArts
_vFilmGeneralia
942 _cBOOK
999 _c103304
_d103304